LEADER 01207nam a2200241 i 4500 001 000000163797 003 CaOOAMICUS 005 20070820000000.0 008 070820n it u000 u ita u 013 $a141164 040 $aSeMil$bita 100 1 $aTedeschini, Federico .$0(OLS)http://semarc/name/33265 245 10$aDiscorso inaugurale in lode di San Luigi Maria da Montfort :$b(8 dicembre 1948) /$cFederico Tedeschini. 260 $aRoma :$bTipografia Pio 10.,$c[1948] 300 $a38 p. :$bill. ;$c24 cm. 600 14$aGrignion de Montfort, Luigi Maria .$0(OLS)http://semarc/subject/14988 850 $aSeMil 852 $aSeMil$W1$xVenegono$y1$m5C IX 3/14$j115091$B115091$CSeMilBibl$Z2$F126167 $86 852 $aSeMil$W1$xVenegono$y1$m5C VIII 3/9$j264566$B256094$CSeMilBibl$Z2$F256094 $86 961 $aOmaggio: Altro 961 $aCon dedica autografa [dell?autore] a don Pietro Gorla prevosto di S. Stefano in Milano (Treviglio, 23 giugno 1949) 996 $6245$aDiscorso inaugurale in lode di San Luigi Maria da Montfort :$b(8 dicembre 1948)$9(OLS)http://semarc/title/233698 996 $6260$aRoma :$bTipografia Pio 10.$9(OLS)http://semarc/publisher/48536 LEADER 00695nam a2200205 i 4500 001 000000228089 003 CaOOAMICUS 005 20140318000000.0 008 140318s1888 it u000 u ita u 013 $a206991 040 $aSeMil$bita 245 10$aVol. 6. 300 $a250 p. 500 $aFondo Bidoglio. 773 0 $aScotton, Gottardo <1845-1916>$tVangelo studiato minutamente dal parroco.$dBassano : Premiato stabil. tipogr. Sante Pozzato, 1886-1890.$g6$w()14748 850 $aSeMil 852 $aSeMil$W1$xVenegono$y1$m2Y I 12 FA$j178435$B178435$CSeMilBibl$Z2$F189328 $8I 941 1 $a2 961 $aLascito: Bidoglio don Maurizio 996 $6245$aVol. 6$9(OLS)http://semarc/title/108698